<?xml version="1.0" encoding="UTF-8"?>
<marc:record xmlns:marc="http://www.loc.gov/MARC21/slim">
   <marc:leader>00000nam a2200000 a 4500</marc:leader>
   <marc:datafield ind1="1" ind2=" " tag="100">
      <marc:subfield code="a">Schuhbeck, Alfons</marc:subfield>
      <marc:subfield code="4">aut</marc:subfield>
      <marc:subfield code="e">Verfasser/-in</marc:subfield>
   </marc:datafield>
   <marc:datafield ind1=" " ind2=" " tag="653">
      <marc:subfield code="a">Kochen</marc:subfield>
   </marc:datafield>
   <marc:datafield ind1=" " ind2=" " tag="653">
      <marc:subfield code="a">Ernährung</marc:subfield>
   </marc:datafield>
   <marc:datafield ind1=" " ind2=" " tag="653">
      <marc:subfield code="a">Kochrezepte</marc:subfield>
   </marc:datafield>
   <marc:datafield ind1="0" ind2="0" tag="245">
      <marc:subfield code="a">Gesund genießen - raffiniert gewürzt</marc:subfield>
   </marc:datafield>
   <marc:datafield ind1="0" ind2="0" tag="245">
      <marc:subfield code="b">meine leichte Wohlfühlküche</marc:subfield>
   </marc:datafield>
   <marc:datafield ind1="0" ind2="0" tag="245">
      <marc:subfield code="c">Alfons Schuhbeck</marc:subfield>
   </marc:datafield>
   <marc:datafield ind1=" " ind2="1" tag="264">
      <marc:subfield code="a">München</marc:subfield>
      <marc:subfield code="b">Zabert Sandmann</marc:subfield>
      <marc:subfield code="c">2007</marc:subfield>
   </marc:datafield>
   <marc:datafield ind1="1" ind2=" " tag="520">
      <marc:subfield code="a">Mit Kräutern und Gewürzen gesund und leicht gekocht. (VL) Der bekannte deutsche Fernsehkoch Alfons Schuhbeck präsentiert in seinem Kochbuch Rezepte, die durch Kräuter und Gewürze einen besonderen "Pepp" bekommen. Interessant und variantenreich wird zudem ein besonderes Augenmerk auf Qualität, gesundheitsfördernde Wirkungen und wertvolle Inhaltsstoffe gelegt. In den Rezepten zu Vorspeisen, Suppen, Salaten, Pasti, Fischen, Meeresfrüchten, Fleisch und Desserts findet man viele Anregungen, um gesunde Speisen mit viel Genuss zuzubereiten. Ob Gehirnnahrung, Stärkung der Nerven und des Immunsystems, ob Rezepte voller Raffinesse, die echte "Aha"-Erlebnisse bereithalten, der Leser wird zur Nachahmung motiviert. Viele ganzseitige Fotos, Tipps, zusätzliche Hinweise, Produktinfos und ein alphabetisches Register unterstützen das Nachschlagen und machen Mut, Neues auszuprobieren. Für alle Bibliotheken geeignet. *bn* Maria Dorrer</marc:subfield>
   </marc:datafield>
   <marc:datafield ind1=" " ind2=" " tag="020">
      <marc:subfield code="a">97838988316</marc:subfield>
      <marc:subfield code="9">97838988316</marc:subfield>
   </marc:datafield>
   <marc:datafield ind1=" " ind2=" " tag="020">
      <marc:subfield code="a">3898831698</marc:subfield>
      <marc:subfield code="9">3898831698</marc:subfield>
   </marc:datafield>
   <marc:datafield ind1=" " ind2=" " tag="300">
      <marc:subfield code="a">136 S. : Ill.</marc:subfield>
   </marc:datafield>
</marc:record>
